<?xml version="1.0" encoding="UTF-8"?>
<collection xmlns="http://www.loc.gov/MARC21/slim">
 <record>
  <leader>00996cam a2200301 7i4500</leader>
  <controlfield tag="001">0000012966</controlfield>
  <controlfield tag="005">20150325090000.0</controlfield>
  <controlfield tag="003">  iicp-my</controlfield>
  <controlfield tag="005">  20091106131100.0</controlfield>
  <controlfield tag="008">091106                       000 0 eng d</controlfield>
  <datafield tag="020" ind1=" " ind2=" ">
   <subfield code="a">9780471269236 </subfield>
  </datafield>
  <datafield tag="020" ind1=" " ind2=" ">
   <subfield code="a">0471269239 </subfield>
  </datafield>
  <datafield tag="039" ind1=" " ind2="9">
   <subfield code="y">200911061311</subfield>
   <subfield code="z">Azlin</subfield>
  </datafield>
  <datafield tag="090" ind1="0" ind2="0">
   <subfield code="a">005.7565 </subfield>
   <subfield code="b">MAT</subfield>
  </datafield>
  <datafield tag="100" ind1="1" ind2=" ">
   <subfield code="a">Matthews, Mark </subfield>
  </datafield>
  <datafield tag="245" ind1="0" ind2="0">
   <subfield code="a">MySQL and Java developer's guide / by Mark Matthews, Jum Cole and Joseph D. Gradecki.</subfield>
  </datafield>
  <datafield tag="260" ind1=" " ind2=" ">
   <subfield code="a">Indianapolis, Indiana : Wiley Publishing, Inc., 2003.</subfield>
  </datafield>
  <datafield tag="300" ind1=" " ind2=" ">
   <subfield code="a">xxii, 410 p.: ill. ; 23 cm..</subfield>
  </datafield>
  <datafield tag="650" ind1=" " ind2="0">
   <subfield code="a">MySQL (Electronic resource). </subfield>
  </datafield>
  <datafield tag="650" ind1=" " ind2="0">
   <subfield code="a">Java (Computer program language). </subfield>
  </datafield>
  <datafield tag="650" ind1=" " ind2="0">
   <subfield code="a">SQL (Computer program language). </subfield>
  </datafield>
  <datafield tag="700" ind1=" " ind2=" ">
   <subfield code="a">Cole, Jim </subfield>
  </datafield>
  <datafield tag="700" ind1=" " ind2=" ">
   <subfield code="a">Gradecki, Joseph D. </subfield>
  </datafield>
  <datafield tag="999" ind1=" " ind2=" ">
   <subfield code="a">1000020920</subfield>
   <subfield code="b">Book</subfield>
   <subfield code="c">White Spot</subfield>
  </datafield>
  <datafield tag="999" ind1=" " ind2=" ">
   <subfield code="a">1000020921</subfield>
   <subfield code="b">Book</subfield>
   <subfield code="c">White Spot</subfield>
  </datafield>
  <datafield tag="999" ind1=" " ind2=" ">
   <subfield code="a">1000020923</subfield>
   <subfield code="b">Book</subfield>
   <subfield code="c">Reference</subfield>
  </datafield>
  <datafield tag="999" ind1=" " ind2=" ">
   <subfield code="a">1000020924</subfield>
   <subfield code="b">Book</subfield>
   <subfield code="c">Yellow Spot</subfield>
  </datafield>
  <datafield tag="999" ind1=" " ind2=" ">
   <subfield code="a">1000020925</subfield>
   <subfield code="b">Book</subfield>
   <subfield code="c">Yellow Spot</subfield>
  </datafield>
 </record>
</collection>
